00691nam a2200241 a 4500001001300000003000900013005001700022008004100039020001000080082001400090100002200104245003300126260003800159300000900197500003500206505002100241650002100262700002200283902000800305942000700313952011400320999001500434nice12345678IN_TiNIC20260116011813.0050524s1976 laha grp 000 0 eng  ac10000a297bJAM1 aJalmeelah, Maryam aIsalm in Theory and Practise aLahorebMohammad Yusuf Khanc1976 a422p aincludes index and biblioraphy2 abibl, Ref. Index aIslam-Miscellany1 aJalmeelah, Maryam bSRS cBK 001040708StackRoom-aHMIbHMId2008-03-27g100.00l0o297 JAM1p09279r2008-03-27v100.00w2005-05-24yBK c4095d4095